Siberian development and East Asia : (Record no. 27085)
[ view plain ]
| 000 -LEADER | |
|---|---|
| fixed length control field | 01070cam a2200289 a 4500 |
| 001 - CONTROL NUMBER | |
| control field | 27085 |
| 003 - CONTROL NUMBER IDENTIFIER | |
| rucl marc code | BD-RjUL |
| 005 - DATE AND TIME OF LATEST TRANSACTION | |
| control field | 20211209051117.0 |
| 008 - FIXED-LENGTH DATA ELEMENTS--GENERAL INFORMATION | |
| fixed length control field | 140324s1981 cauaf b 001 0 eng |
| 020 ## - INTERNATIONAL STANDARD BOOK NUMBER | |
| International Standard Book Number | 0804711097 |
| 035 ## - SYSTEM CONTROL NUMBER | |
| System control number | (BD-RjUL)27156 |
| 040 ## - CATALOGING SOURCE | |
| Original cataloging agency | DLC |
| Transcribing agency | DLC |
| Modifying agency | BD-RjUL |
| Language of cataloging | eng |
| 041 ## - LANGUAGE CODE | |
| Language code of text/sound track or separate title | eng |
| 082 00 - DEWEY DECIMAL CLASSIFICATION NUMBER | |
| Classification number | 355.033057 |
| Edition number | 19 |
| Author mark and year | WHS 1981 |
| 100 1# - MAIN ENTRY--PERSONAL NAME | |
| Personal name | Whiting, Allen Suess, |
| Dates associated with a name | 1926- |
| 9 (RLIN) | 83184 |
| 245 10 - TITLE STATEMENT | |
| Title | Siberian development and East Asia : |
| Remainder of title | threat or promise? / |
| Statement of responsibility, etc. | Allen S. Whiting. |
| 260 ## - PUBLICATION, DISTRIBUTION, ETC. (IMPRINT) | |
| Place of publication, distribution, etc. | Stanford, Calif. : |
| Name of publisher, distributor, etc. | Stanford University Press, |
| Date of publication, distribution, etc. | c1981. |
| 300 ## - PHYSICAL DESCRIPTION | |
| Pagination | ix, 276 p., [1] leaf of plates : |
| Illustrations | ill. ; |
| Size | 23 cm. |
| 504 ## - BIBLIOGRAPHY, ETC. NOTE | |
| Bibliography, etc | Includes bibliographical references and index. |
| 650 #0 - SUBJECT ADDED ENTRY--TOPICAL TERM | |
| Topical term or geographic name as entry element | World politics |
| Chronological subdivision | 1945-1989. |
| 9 (RLIN) | 83185 |
| 651 #0 - SUBJECT ADDED ENTRY--GEOGRAPHIC NAME | |
| Geographic name | Siberia (Russia) |
| General subdivision | Strategic aspects. |
| 9 (RLIN) | 83186 |
| Geographic name | Soviet Union |
| General subdivision | Defenses. |
| 9 (RLIN) | 18311 |
| 856 42 - ELECTRONIC LOCATION AND ACCESS | |
| Materials specified | Publisher description |
| Uniform Resource Identifier | <a href="http://www.loc.gov/catdir/description/cam022/81050057.html">http://www.loc.gov/catdir/description/cam022/81050057.html</a> |
| Materials specified | Table of contents |
| Uniform Resource Identifier | <a href="http://www.loc.gov/catdir/toc/cam027/81050057.html">http://www.loc.gov/catdir/toc/cam027/81050057.html</a> |
| 942 ## - ADDED ENTRY ELEMENTS (KOHA) | |
| Source of classification or shelving scheme | Dewey Decimal Classification |
| Koha item type | Books |
| Lost status | Source of classification or shelving scheme | Damaged status | Not for loan | Collection code | Permanent Location | Current Location | Shelving location | Date acquired | Source of acquisition | Total Checkouts | Full call number | Date last seen | Copy number | Koha item type |
|---|---|---|---|---|---|---|---|---|---|---|---|---|---|---|
| Dewey Decimal Classification | Non-fiction | Central Library, University of Rajshahi | Central Library, University of Rajshahi | 20/05/1990 | Asia Foundation | 355.033057 WHS 1981 | 24/03/2014 | C-2 | Books | |||||
| Dewey Decimal Classification | Non-fiction | Central Library, University of Rajshahi | Central Library, University of Rajshahi | 25/08/1990 | Asia Foundation | 355.033057 WHS 1981 | 24/03/2014 | C-3 | Books | |||||
| Dewey Decimal Classification | Not For Loan | Non-fiction | Central Library, University of Rajshahi | Central Library, University of Rajshahi | Reading Room | 20/05/1990 | Asia foundation | 355.033057 WHS 1981 | 04/02/2017 | C-1 | Books |